Cities That Had Their Name Changed - Statistics

General Stats
  • This quiz has been taken 33 times
  • The average score is 6 of 10
Answer Stats
City Before City After % Correct
Peking Beijing
100%
Constantinople Istanbul
100%
Bombay Mumbai
97%
Petrograd St. Petersburg
93%
Saigon Ho Chi Minh City
90%
Stalingrad Volgograd
67%
Barcino Barcelona
30%
Olisipo Lisbon
7%
Bytown Ottawa
3%
Turicum Zürich
0%
No matching quizzes found
Score Distribution
Percent of People with Each Score
Percentile by Number Answered
Your Score History
You have not taken this quiz